[Event "Titled Tue 27th May Early"]
[Site "chess.com INT"]
[Date "2025.05.27"]
[Round "8"]
[White "Sturt, Raven"]
[Black "Zdorov, Egor Vit"]
[Result "1-0"]
[WhiteTitle "GM"]
[BlackTitle "CM"]
[WhiteElo "2459"]
[BlackElo "2100"]
[WhiteFideId "2007304"]
[BlackFideId "55688560"]
[EventDate "2025.05.27"]

1. f4 e5 2. fxe5 d6 3. exd6 Bxd6 4. Nf3 g5 5. g3 h5 6. d4 g4 7. Nh4 Be7 8. Bf4
Bxh4 9. gxh4 Qxh4+ 10. Bg3 Qe7 11. Nc3 c6 12. Qd3 Nf6 13. O-O-O h4 14. Be5 Nbd7
15. e4 Nxe5 16. dxe5 Nd7 17. Kb1 Nxe5 18. Qd4 f6 19. Be2 Bd7 20. Rhf1 b6 21. Qa4
a5 22. Qb3 b5 23. Bxb5 Rb8 24. a4 Rf8 25. Qa2 cxb5 26. Nd5 Qf7 27. Nxf6+ Kd8 28.
Qa3 b4 29. Qe3 Kc7 30. Qc5+ Nc6 31. Nd5+ 1-0

[Event "Titled Tue 27th May Early"]
[Site "chess.com INT"]
[Date "2025.05.27"]
[Round "8"]
[White "Saiz Rodriguez, Daniel Evelio"]
[Black "Berikkyzy Alanna"]
[Result "1-0"]
[WhiteTitle "FM"]
[BlackTitle "WFM"]
[WhiteElo "2187"]
[BlackElo "2104"]
[WhiteFideId "3523420"]
[BlackFideId "13780719"]
[EventDate "2025.05.27"]

1. c4 c5 2. Nc3 Nc6 3. Nf3 g6 4. e3 e6 5. d4 cxd4 6. exd4 d5 7. Bg5 Nge7 8. Bf6
Rg8 9. cxd5 exd5 10. Bb5 Be6 11. O-O Bg7 12. Bxe7 Qxe7 13. Nxd5 Bxd5 14. Re1 Be6
15. Qa4 O-O-O 16. d5 Rxd5 17. Bxc6 bxc6 18. Qxc6+ Qc7 19. Qa8+ Qb8 20. Rac1+ Kd7
21. Qc6+ Kd8 22. Rxe6 fxe6 23. Qxe6 Re8 24. Qxd5+ Ke7 25. Ng5 Qf4 26. Re1+ Kf6
27. Nxh7# 1-0

[Event "Titled Tue 27th May Early"]
[Site "chess.com INT"]
[Date "2025.05.27"]
[Round "8"]
[White "Le, Tuan Minh"]
[Black "Krsnik Cohar, Ivan Vihor"]
[Result "1-0"]
[WhiteTitle "GM"]
[BlackTitle "FM"]
[WhiteElo "2598"]
[BlackElo "2362"]
[WhiteFideId "12401153"]
[BlackFideId "14520044"]
[EventDate "2025.05.27"]

1. d4 d5 2. Nf3 Bf5 3. c4 e6 4. Nc3 c6 5. Qb3 Qb6 6. c5 Qc7 7. Bf4 Qc8 8. Rc1 h6
9. e3 Nf6 10. Be2 Nbd7 11. h3 Be7 12. Qd1 O-O 13. b4 a6 14. O-O Ne4 15. a4 Bf6
16. Nxe4 Bxe4 17. Nd2 Bg6 18. Bd6 Re8 19. f4 Bd8 20. Qb3 Bc7 21. Be5 f6 22. Bxc7
Qxc7 23. Bg4 Kh8 24. Kh1 e5 25. Nf3 exf4 26. Nh4 Bh7 27. exf4 Re4 28. Bf5 Bxf5
29. Nxf5 Rxf4 30. Nd6 Rxd4 31. Rce1 Ne5 32. Qg3 Rd3 33. Qf4 Qd7 34. Nf5 Ng6 35.
Qg4 Qf7 36. Nd6 1-0

[Event "Titled Tue 27th May Early"]
[Site "chess.com INT"]
[Date "2025.05.27"]
[Round "8"]
[White "Timofeev, Artyom"]
[Black "Belov, Alexei"]
[Result "1-0"]
[WhiteTitle "GM"]
[BlackTitle "IM"]
[WhiteElo "2548"]
[BlackElo "2421"]
[WhiteFideId "4140419"]
[BlackFideId "4128206"]
[EventDate "2025.05.27"]

1. c4 e6 2. Nf3 d5 3. e3 Nf6 4. b3 Be7 5. Bb2 O-O 6. Be2 c5 7. O-O Nc6 8. d4
dxc4 9. Bxc4 cxd4 10. Nxd4 Nxd4 11. Bxd4 Bd7 12. Nd2 Bc6 13. Nf3 Bd5 14. Be2 Ne4
15. Rc1 Rc8 16. Qd3 Qa5 17. a4 a6 18. Ne5 Nd2 19. Bc3 Rxc3 20. Qxc3 Bb4 21. Qd3
Be4 22. Qd4 Rd8 23. Nc4 Qg5 24. Qxd8+ Qxd8 25. Nxd2 Bxd2 26. Rfd1 Qg5 27. Rc8+ 1-0

[Event "Titled Tue 27th May Early"]
[Site "chess.com INT"]
[Date "2025.05.27"]
[Round "8"]
[White "Osiecki, Stanislaw"]
[Black "Ramirez Gonzalez, Maria Jose"]
[Result "0-1"]
[WhiteTitle "FM"]
[BlackTitle "WFM"]
[WhiteElo "1944"]
[BlackElo "1849"]
[WhiteFideId "1102990"]
[BlackFideId "6503349"]
[EventDate "2025.05.27"]

1. e4 e5 2. Nf3 Nc6 3. Bb5 g6 4. d4 exd4 5. Nxd4 Bg7 6. Nxc6 bxc6 7. Bc4 Ne7 8.
Bg5 h6 9. Bc1 O-O 10. O-O d5 11. exd5 cxd5 12. Bd3 c5 13. c3 Bf5 14. Be3 Bxd3
15. Qxd3 Rc8 16. Nd2 Nf5 17. Nf3 Nxe3 18. Qxe3 Re8 19. Qd3 d4 20. cxd4 cxd4 21.
Rfd1 Qb6 22. b3 Rc3 23. Qd2 Rxf3 24. gxf3 Qf6 25. Qd3 Qg5+ 26. Kh1 Qh4 27. Qf1
Re5 28. Re1 Rg5 29. Re4 Qh5 30. Qe2 d3 31. Re8+ Kh7 32. Qd1 Qh3 33. Qf1 Qxf3+ 0-1

[Event "Titled Tue 27th May Early"]
[Site "chess.com INT"]
[Date "2025.05.27"]
[Round "8"]
[White "Tan, Jun Ying"]
[Black "Zaw, Ye Htut"]
[Result "1-0"]
[WhiteTitle "FM"]
[BlackTitle "CM"]
[WhiteElo "2414"]
[BlackElo "2180"]
[WhiteFideId "5710413"]
[BlackFideId "13013955"]
[EventDate "2025.05.27"]

1. d4 Nf6 2. c4 c5 3. d5 b5 4. cxb5 a6 5. bxa6 g6 6. Nc3 Bxa6 7. Nf3 d6 8. g3
Bg7 9. Bg2 O-O 10. Rb1 Ng4 11. O-O Nd7 12. Bd2 Rb8 13. b3 Nge5 14. Ne1 c4 15. b4
Ng4 16. h3 Bxc3 17. Bxc3 Ngf6 18. a4 Ne5 19. f4 Ned7 20. e4 Nh5 21. Kh2 f5 22.
exf5 Rxf5 23. g4 Rxf4 24. gxh5 Rxf1 25. Bxf1 Qf8 26. Qd4 Ne5 27. Bg2 Qf5 28. Qe4
Qg5 29. Nf3 Nxf3+ 30. Qxf3 Rf8 31. Qe4 Rf4 32. Qe6+ Kf8 33. Bd2 Qf5 34. Bxf4
Qxb1 35. Bg5 1-0

[Event "Titled Tue 27th May Early"]
[Site "chess.com INT"]
[Date "2025.05.27"]
[Round "8"]
[White "Montano Vicente, Guadalupe"]
[Black "Dicen, Elis Denele"]
[Result "0-1"]
[BlackTitle "WFM"]
[WhiteElo "1940"]
[BlackElo "2135"]
[WhiteFideId "5181399"]
[BlackFideId "462560"]
[EventDate "2025.05.27"]

1. d4 d5 2. c4 e6 3. Nf3 a6 4. cxd5 exd5 5. Nc3 Nf6 6. Bg5 c6 7. Qc2 Be6 8. e3
Nbd7 9. Bd3 Bd6 10. h3 Qc7 11. Rc1 h6 12. Bxf6 Nxf6 13. a3 O-O 14. O-O Rac8 15.
Na4 Nd7 16. b4 Qd8 17. Nc5 Nxc5 18. bxc5 Bb8 19. Rb1 Qf6 20. Qe2 Qe7 21. e4 dxe4
22. Qxe4 g6 23. Rfe1 Qf6 24. Rxb7 Bd5 25. Qe3 Bf4 26. Qe2 Bxf3 27. Qxf3 Qxd4 28.
g3 Bg5 29. h4 Bf6 30. Be4 h5 31. Bxc6 Kg7 32. Qd5 Qxd5 33. Bxd5 Rxc5 34. Bg2 a5 0-1

[Event "Titled Tue 27th May Early"]
[Site "chess.com INT"]
[Date "2025.05.27"]
[Round "8"]
[White "Bluebaum, Matthias"]
[Black "Sklokin, Sergey"]
[Result "1/2-1/2"]
[WhiteTitle "GM"]
[BlackTitle "FM"]
[WhiteElo "2660"]
[BlackElo "2311"]
[WhiteFideId "24651516"]
[BlackFideId "55730230"]
[EventDate "2025.05.27"]

1. d4 Nf6 2. c4 g6 3. Nc3 d5 4. cxd5 Nxd5 5. e4 Nxc3 6. bxc3 Bg7 7. Nf3 c5 8.
Bb5+ Nc6 9. O-O cxd4 10. cxd4 O-O 11. Bxc6 bxc6 12. Qc2 Bg4 13. Ne5 Qxd4 14. Bb2
Qb6 15. Rab1 Bxe5 16. Bxe5 Qa5 17. Bc3 Qc5 18. Qb2 Be6 19. Bb4 Qb5 20. Bxe7 Qxb2
21. Rxb2 Rfb8 22. Rfb1 Rxb2 23. Rxb2 f5 24. exf5 gxf5 25. f3 a5 26. a4 Re8 27.
Bc5 Bc4 28. Kf2 Kf7 29. h4 Kg6 30. Rb6 Re2+ 31. Kg3 Bd5 32. Ra6 f4+ 33. Kxf4
Rxg2 34. Rxa5 Rc2 35. Bg1 Rc4+ 36. Ke5 Rxh4 37. Ra8 Bxf3 38. a5 Ra4 39. Bc5 Be2
40. Kd6 Bb5 41. Bb6 h5 42. Rg8+ Kf7 43. Rh8 h4 44. Bd8 Kg7 45. Rxh4 Rxh4 46.
Bxh4 Kf7 47. Bf2 Ke8 48. Kc7 Kf7 49. Bc5 Ke6 50. Kb6 Kd5 51. Bf8 Bc4 52. a6 Bxa6
53. Kxa6 c5 54. Bxc5 1/2-1/2

[Event "Titled Tue 27th May Early"]
[Site "chess.com INT"]
[Date "2025.05.27"]
[Round "8"]
[White "Kilic, Eray"]
[Black "Gharibyan, Mamikon"]
[Result "0-1"]
[WhiteTitle "IM"]
[BlackTitle "GM"]
[WhiteElo "2469"]
[BlackElo "2472"]
[WhiteFideId "44517173"]
[BlackFideId "13308300"]
[EventDate "2025.05.27"]

1. d4 Nf6 2. Nc3 d5 3. Bf4 c5 4. e3 Bg4 5. Nf3 cxd4 6. exd4 Nc6 7. Be2 Bxf3 8.
Bxf3 e6 9. O-O Bd6 10. Be3 O-O 11. a3 Ne7 12. h3 Nf5 13. Qd3 Rc8 14. Rad1 Bb8
15. Ne2 Qc7 16. Bf4 Qxc2 17. Qb5 Qc6 18. Qb4 Bxf4 19. Nxf4 Qb6 20. Qd2 Rc7 21.
b4 Rc4 22. Ne2 Rfc8 23. Qf4 Qd6 24. Qd2 h6 25. g3 a5 26. bxa5 Qxa3 27. Bg2 Rc2
28. Qe1 Qb2 29. Nf4 Nxd4 30. Rb1 Qc3 31. Qxc3 R2xc3 32. Rxb7 Ra3 33. Rd1 Nc6 34.
Rc1 Rxa5 35. Rb6 Ne7 36. Rxc8+ Nxc8 37. Rb8 Rc5 38. Nd3 Rc7 39. Ne5 g6 40. g4
Kg7 41. h4 Ne7 42. Ra8 Nd7 43. Nd3 g5 44. hxg5 hxg5 45. Bf1 Ng6 46. Be2 Nde5 47.
Ne1 Nf4 48. Kf1 Rc1 49. Ra3 d4 50. Ra2 d3 51. f3 dxe2+ 52. Kf2 Rxe1 53. Rxe2
Rxe2+ 54. Kg3 Rg2# 0-1

[Event "Titled Tue 27th May Early"]
[Site "chess.com INT"]
[Date "2025.05.27"]
[Round "8"]
[White "Sagalchik, Gennadij"]
[Black "Modric, Nesa"]
[Result "0-1"]
[WhiteTitle "GM"]
[BlackTitle "CM"]
[WhiteElo "2434"]
[BlackElo "2088"]
[WhiteFideId "2007916"]
[BlackFideId "922579"]
[EventDate "2025.05.27"]

1. e4 c6 2. d4 d5 3. e5 Bf5 4. h4 h5 5. Ne2 e6 6. Ng3 Bg6 7. Be2 c5 8. dxc5 Bxc5
9. Nxh5 Bxh5 10. Bxh5 g6 11. Bxg6 Rxh4 12. Bxf7+ Kxf7 13. Qf3+ Ke8 14. g3 Rxh1+
15. Qxh1 Ne7 16. Nc3 Nbc6 17. Bg5 Kd7 18. O-O-O Qh8 19. Qf1 Qxe5 20. Bf4 Qf5 21.
Qb5 Bb6 22. Na4 d4 23. Nxb6+ axb6 24. Qxb6 Rxa2 25. Qxb7+ Ke8 26. Kb1 Qa5 27. c3
Ra1+ 28. Kc2 Qa4+ 29. b3 Qa2+ 0-1

[Event "Titled Tue 27th May Early"]
[Site "chess.com INT"]
[Date "2025.05.27"]
[Round "8"]
[White "Ilinca, Felix-Antonio"]
[Black "Velikanov, Alexander"]
[Result "0-1"]
[WhiteTitle "IM"]
[BlackTitle "IM"]
[WhiteElo "2420"]
[BlackElo "2372"]
[WhiteFideId "54764998"]
[BlackFideId "2039290"]
[EventDate "2025.05.27"]

1. d4 Nf6 2. Nc3 e6 3. Bf4 a6 4. e3 d5 5. Nf3 b5 6. Bd3 c5 7. dxc5 Bxc5 8. O-O
Bb7 9. a3 O-O 10. Qe2 Ne4 11. Bxe4 dxe4 12. Ng5 e5 13. Ngxe4 exf4 14. Nxc5 Bxg2
15. Kxg2 Qg5+ 16. Kh1 Qxc5 17. Qf3 Qc6 18. Nd5 Ra7 19. e4 f5 20. c3 fxe4 21.
Qxe4 Kh8 22. Rad1 Rd7 23. Rd4 Qh6 24. Rfd1 Nc6 25. R4d3 Rdf7 26. Rg1 Rf5 27. Nb4
Rh5 28. Rg2 Ne5 29. f3 Nxd3 30. Nxd3 Qd6 31. Re2 Rd5 32. Nxf4 Rd1+ 33. Kg2 Rd2 0-1

[Event "Titled Tue 27th May Early"]
[Site "chess.com INT"]
[Date "2025.05.27"]
[Round "8"]
[White "Gales, Randi-Ioan"]
[Black "Protopopescu, Luca"]
[Result "0-1"]
[WhiteTitle "CM"]
[BlackTitle "CM"]
[WhiteElo "2290"]
[BlackElo "2216"]
[WhiteFideId "1285360"]
[BlackFideId "651088894"]
[EventDate "2025.05.27"]

1. d4 Nf6 2. c4 g6 3. Nc3 Bg7 4. e4 O-O 5. h3 c5 6. d5 d6 7. Be3 a6 8. a4 e5 9.
Nf3 Ne8 10. Bd3 f5 11. exf5 gxf5 12. Bc2 e4 13. Ng5 h6 14. Ne6 Bxe6 15. dxe6
Bxc3+ 16. bxc3 Qf6 17. e7 Qxe7 18. Bxh6 Qf6 19. Bxf8 Qxc3+ 20. Kf1 Qxc4+ 21. Qe2
Qxe2+ 22. Kxe2 Kxf8 23. g4 Nc6 24. gxf5 Nd4+ 25. Kd2 d5 26. Rab1 Nd6 27. Bb3 c4
28. Ba2 N4xf5 29. h4 b5 30. h5 d4 31. h6 Kg8 32. Rbg1+ Kh8 33. Rg6 b4 34. Rhg1
b3 35. h7 Kxh7 36. Bb1 c3+ 37. Kc1 c2 38. Bxc2 Rc8 39. R6g5 Rxc2+ 40. Kb1 Rxf2
41. Rh1+ Nh6 42. Rgh5 Nf5 43. Rg5 e3 44. Rc1 Ng7 45. Rc7 Nf5 46. Rh5+ Kg6 47.
Rh1 d3 48. Rg1+ Kf6 49. Rc6+ Ke5 50. Rc5+ Kd4 51. Rc7 d2 52. Rd7+ Ke4 53. Rd1
Ne6 54. Kb2 Nfd4 55. Kc3 e2 56. Rxd2 e1=Q 57. Rxd4+ Nxd4 58. Kc4 Qxd2 59. a5
Qc2+ 60. Kb4 b2 61. Ka3 b1=N+ 62. Kb4 Qc3+ 63. Ka4 Qa3# 0-1

[Event "Titled Tue 27th May Early"]
[Site "chess.com INT"]
[Date "2025.05.27"]
[Round "8"]
[White "Gelman, Alexander"]
[Black "Rushbrooke, Remy"]
[Result "1-0"]
[WhiteTitle "IM"]
[WhiteElo "2403"]
[BlackElo "2090"]
[WhiteFideId "4118316"]
[BlackFideId "443590"]
[EventDate "2025.05.27"]

1. d4 d5 2. Nc3 Nf6 3. Bf4 e6 4. e3 Be7 5. g4 h6 6. h4 c5 7. Nb5 Na6 8. c3 Ne4
9. Nf3 Bd7 10. a4 c4 11. Rh2 Bc6 12. b3 cxb3 13. Qxb3 Nd6 14. Ne5 Nc7 15. Bd3 a6
16. Nxd6+ Bxd6 17. Kd2 Rc8 18. Rhh1 Qe7 19. g5 h5 20. g6 f6 21. Nf7 Bxf4 22.
Nxh8 Bd6 23. Nf7 e5 24. Bf5 Rd8 25. Qd1 1-0

[Event "Titled Tue 27th May Early"]
[Site "chess.com INT"]
[Date "2025.05.27"]
[Round "8"]
[White "Redor, Menandro"]
[Black "Veiga, Jose Francisco R P Neves"]
[Result "0-1"]
[BlackTitle "IM"]
[WhiteElo "2021"]
[BlackElo "2389"]
[WhiteFideId "5222010"]
[BlackFideId "1930087"]
[EventDate "2025.05.27"]

1. d4 Nf6 2. Bf4 b5 3. e3 a6 4. Nf3 Bb7 5. c4 b4 6. Nbd2 e6 7. Bd3 c5 8. O-O Nc6
9. b3 Be7 10. Rc1 O-O 11. Bb1 cxd4 12. exd4 d5 13. Ne5 Nxd4 14. cxd5 Qxd5 15. f3
Rac8 16. Ndc4 Rfd8 17. Qd3 Nf5 18. Qxd5 Nxd5 19. Bd2 Bc5+ 20. Kh1 Nb6 21. Bxf5
exf5 22. Nxb6 Bxb6 23. Bxb4 f6 24. Nc4 Bc7 25. Rcd1 Bd5 26. h3 Bg3 27. Ne3 Be6
28. f4 Rxd1 29. Rxd1 Bxf4 30. Nd5 Bxd5 31. Kg1 Be3+ 32. Kf1 Bf7 33. Rd7 f4 34.
Ke2 Rc2+ 35. Kd3 Bg6# 0-1

[Event "Titled Tue 27th May Early"]
[Site "chess.com INT"]
[Date "2025.05.27"]
[Round "8"]
[White "Sabatier, Mathis"]
[Black "Tiitta, Sauli"]
[Result "0-1"]
[WhiteTitle "CM"]
[WhiteElo "2235"]
[BlackElo "2157"]
[WhiteFideId "26029685"]
[BlackFideId "502251"]
[EventDate "2025.05.27"]

1. e4 g5 2. d4 h6 3. Nf3 d6 4. h4 g4 5. Nfd2 Bg7 6. c3 Nc6 7. Be2 h5 8. f3 Nf6
9. Nf1 gxf3 10. Bxf3 Bg4 11. Bg5 Nxe4 12. Bxg4 hxg4 13. Qxg4 Nxg5 14. Qxg5 Bh6
15. Qg4 Qd7 16. Qxd7+ Kxd7 17. Nbd2 Rag8 18. g3 e5 19. d5 Ne7 20. c4 Nf5 21. Rh3
Rg4 22. Nf3 Rxc4 23. N1d2 Rc2 24. Ne4 Rxb2 25. a4 Rb4 26. Neg5 Bxg5 27. Nxg5 f6
28. Ne6 Ne3 29. h5 Nxd5 30. Ng7 Ne7 31. h6 Rg4 32. Ke2 Rxg7 33. hxg7 Rxh3 34.
Rb1 b6 35. Rg1 Rh7 0-1

[Event "Titled Tue 27th May Early"]
[Site "chess.com INT"]
[Date "2025.05.27"]
[Round "8"]
[White "Zong, Davis"]
[Black "Newansa, M Esandi"]
[Result "0-1"]
[WhiteTitle "FM"]
[BlackTitle "WCM"]
[WhiteElo "2242"]
[BlackElo "1947"]
[WhiteFideId "30903955"]
[BlackFideId "9999060"]
[EventDate "2025.05.27"]

1. d4 d5 2. c4 c6 3. Nf3 Nf6 4. g3 Bf5 5. Nc3 e6 6. Nh4 Bg4 7. h3 Bh5 8. g4 Ne4
9. Ng2 Bg6 10. Nf4 Qh4 11. Nxe4 Bxe4 12. Rg1 Bd6 13. c5 Bc7 14. Qb3 b6 15. cxb6
axb6 16. Qg3 Qf6 17. f3 Bg6 18. Be3 Bc2 19. g5 Qe7 20. Qg4 Qb4+ 21. Kf2 Qxb2 22.
Bg2 Bf5 23. Qh4 Ra3 24. Nh5 Rg8 25. Bf4 Qxd4+ 26. e3 Qd2+ 27. Kg3 Bxf4+ 28. Qxf4
Nd7 29. Rge1 Bg6 30. Qd6 Rxe3 31. Rxe3 Qxe3 32. Nf4 Qe5 33. Qxc6 Ke7 34. Qc1
Qxg5+ 35. Kf2 Qe5 36. Rb1 Bxb1 37. Qa3+ Qd6 38. Qc1 Bf5 39. Ne2 Qc5+ 40. Qxc5+
bxc5 0-1

[Event "Titled Tue 27th May Early"]
[Site "chess.com INT"]
[Date "2025.05.27"]
[Round "8"]
[White "Koridze, Lile"]
[Black "Swara Lakshmi S Nair"]
[Result "1/2-1/2"]
[WhiteTitle "WFM"]
[BlackTitle "WCM"]
[WhiteElo "2110"]
[BlackElo "2178"]
[WhiteFideId "13612514"]
[BlackFideId "25629239"]
[EventDate "2025.05.27"]

1. d4 Nf6 2. c4 g6 3. Nc3 d5 4. e3 Bg7 5. Nf3 O-O 6. Bd3 c5 7. cxd5 Nxd5 8. O-O
cxd4 9. exd4 Nc6 10. Qe2 Bg4 11. h3 Nxd4 12. Qe4 Nxf3+ 13. gxf3 Bf5 14. Qxd5
Bxd3 15. Rd1 Bxc3 16. Rxd3 Qxd5 17. Rxd5 Bf6 18. Rb1 Rfd8 19. Rxd8+ Rxd8 20. Be3
a6 21. b3 Rc8 22. Rd1 Kg7 23. Rd7 b5 24. Ra7 Rc6 25. a4 bxa4 26. bxa4 h5 27. Kg2
e6 28. a5 Bc3 29. Bb6 e5 30. Rxa6 Bxa5 31. Rxa5 Rxb6 32. Rxe5 Rb4 33. Re4 Rb3
34. Re3 Rb2 35. Re4 Kf6 36. Kg3 Kf5 37. Rf4+ Ke6 38. Re4+ Kf6 39. Rf4+ Kg7 40.
Re4 f6 41. f4 Kf7 42. Ra4 Rb3+ 43. f3 Rb5 44. Ra7+ Ke6 45. Rc7 Kf5 46. Rc4 Ra5
47. Rb4 g5 48. fxg5 fxg5 49. h4 g4 50. Rf4+ Kg6 51. fxg4 hxg4 52. Kxg4 Ra6 53.
Rc4 Kh6 54. Rb4 Rc6 55. Rf4 Rb6 56. Rd4 Ra6 57. Rf4 Kg6 58. Rb4 Kh6 59. Rf4 Kg6 1/2-1/2

[Event "Titled Tue 27th May Early"]
[Site "chess.com INT"]
[Date "2025.05.27"]
[Round "8"]
[White "Al-Tarboush, Ward"]
[Black "Ermolaev, Evgeny"]
[Result "0-1"]
[WhiteTitle "FM"]
[BlackTitle "FM"]
[WhiteElo "2223"]
[BlackElo "2282"]
[WhiteFideId "7601450"]
[BlackFideId "24103195"]
[EventDate "2025.05.27"]

1. e4 c5 2. Nf3 Nc6 3. d4 cxd4 4. Nxd4 Nf6 5. Nc3 e5 6. Ndb5 d6 7. Bg5 a6 8. Na3
b5 9. Nd5 Be7 10. Bxf6 Bxf6 11. c3 O-O 12. Nc2 Bg5 13. a4 bxa4 14. Rxa4 a5 15.
Bb5 Ne7 16. Nxe7+ Qxe7 17. O-O Be6 18. c4 Qb7 19. Qe2 f5 20. f3 fxe4 21. Qxe4 d5
22. Qxe5 Qb6+ 23. c5 Qxc5+ 24. Nd4 Bf6 25. Qxe6+ Kh8 26. Rd1 Bxd4+ 27. Raxd4
Qxb5 28. Rxd5 Qxb2 29. Qc6 h6 30. Rd6 Qe5 31. h3 Qe3+ 32. Kh2 a4 33. R1d4 Rac8
34. Qxa4 Qg5 35. R6d5 Qf6 36. Rg4 Rce8 37. Rd7 Re7 38. Rxe7 Qxe7 39. Qd4 Qf6 40.
Qf2 Qe6 41. Rb4 Qd6+ 42. Qg3 Qxb4 43. Qe5 Qf4+ 44. Qxf4 Rxf4 45. Kg3 Ra4 46. f4
Kg8 47. Kg4 Kf7 48. Kf5 g6+ 49. Ke5 Ra5+ 50. Ke4 Kf6 51. g4 Ra4+ 52. Kf3 Ra3+
53. Kg2 Ke6 54. h4 h5 55. f5+ gxf5 56. gxh5 Kf6 57. Kf2 Kg7 0-1

[Event "Titled Tue 27th May Early"]
[Site "chess.com INT"]
[Date "2025.05.27"]
[Round "8"]
[White "Karas, Marek"]
[Black "Lissillour, Baptiste"]
[Result "0-1"]
[WhiteTitle "FM"]
[BlackTitle "FM"]
[WhiteElo "2200"]
[BlackElo "2318"]
[WhiteFideId "14928558"]
[BlackFideId "45179620"]
[EventDate "2025.05.27"]

1. e4 d6 2. d4 Nf6 3. Nc3 e5 4. Nf3 Nbd7 5. Rg1 g6 6. g4 Bg7 7. g5 Nh5 8. Be3
O-O 9. Be2 Re8 10. dxe5 dxe5 11. Qd2 Nf4 12. h4 c6 13. O-O-O Qa5 14. Kb1 Nf8 15.
Bxf4 exf4 16. e5 Bxe5 17. Nxe5 Qxe5 18. Rge1 Qc7 19. Bc4 Rxe1 20. Rxe1 Be6 21.
Bxe6 Nxe6 22. Ne4 Qd8 23. Nf6+ Kg7 24. Qc3 Qd4 25. Qxd4 Nxd4 26. Re7 Nf5 27.
Rxb7 Nxh4 28. Rc7 Nf3 29. Rxc6 Nxg5 30. Nd5 f3 31. c4 Ne4 32. Kc2 h5 33. Kd3
Nxf2+ 34. Ke3 Ng4+ 35. Kd2 f2 0-1

[Event "Titled Tue 27th May Early"]
[Site "chess.com INT"]
[Date "2025.05.27"]
[Round "8"]
[White "Zgadzaj, Rafal"]
[Black "Garcia Correa, Jose Ricardo"]
[Result "0-1"]
[WhiteTitle "CM"]
[BlackTitle "FM"]
[WhiteElo "1988"]
[BlackElo "2103"]
[WhiteFideId "1113712"]
[BlackFideId "5101832"]
[EventDate "2025.05.27"]

1. d4 Nf6 2. Nf3 e6 3. g3 b6 4. b3 Bb7 5. Bg2 Be7 6. Bb2 O-O 7. Nbd2 d6 8. c4
Nbd7 9. Qc2 Re8 10. Rd1 Bf8 11. O-O Qe7 12. e4 e5 13. d5 a5 14. Nh4 g6 15. Ndf3
Nh5 16. Bc1 Bg7 17. Bg5 f6 18. Bc1 Nc5 19. Bh3 Bc8 20. Bxc8 Raxc8 21. Ng2 Rf8
22. g4 Nf4 23. Nxf4 exf4 24. Bxf4 Qxe4 25. Qxe4 Nxe4 26. Rfe1 Rfe8 27. Nd4 Nc5
28. Nb5 Kf7 29. f3 Rxe1+ 30. Rxe1 Nd3 31. Bg3 Nxe1 32. Bxe1 Ke8 33. Bc3 Kd7 34.
Nd4 Re8 35. Ne6 Bh8 36. Kg2 c6 37. Bd4 b5 38. f4 bxc4 39. bxc4 cxd5 40. cxd5 Rc8
41. f5 gxf5 42. gxf5 Rc2+ 43. Kg3 Rxa2 44. Nf8+ Ke8 45. Ne6 Kf7 46. h4 Bg7 47.
Be3 a4 48. Bf4 Ra3+ 49. Kf2 Rd3 50. Bxd6 Rxd5 51. Bc5 Rxf5+ 52. Ke3 Kxe6 0-1

[Event "Titled Tue 27th May Early"]
[Site "chess.com INT"]
[Date "2025.05.27"]
[Round "8"]
[White "Angulo Perez, Sebastian"]
[Black "May Sanchez, Andres Elias"]
[Result "0-1"]
[WhiteTitle "CM"]
[BlackTitle "CM"]
[WhiteElo "2026"]
[BlackElo "2209"]
[WhiteFideId "6544045"]
[BlackFideId "5150973"]
[EventDate "2025.05.27"]

1. e4 e5 2. Nf3 Nc6 3. d4 exd4 4. Bc4 Nf6 5. e5 d5 6. Bb5 Ne4 7. Nxd4 Bd7 8.
Bxc6 bxc6 9. O-O Bc5 10. Re1 Qh4 11. Be3 O-O 12. Nd2 Rab8 13. Nxe4 Qxe4 14. b3
Qg6 15. Qd2 Bh3 16. f3 Rfe8 17. Kh1 Bd7 18. Bf2 h5 19. c3 Bb6 20. a4 c5 21. Nc2
Bf5 22. Ne3 d4 23. Nxf5 Qxf5 24. a5 Bxa5 25. Rxa5 Rxb3 26. cxd4 cxd4 27. Qxd4
Rd3 28. Qb2 Red8 29. Ra2 a5 30. Qc2 Qg5 31. Qxc7 h4 32. h3 Rd2 33. Qxa5 Rxa2 34.
Qxa2 Rd2 35. Bxh4 Qxg2# 0-1

[Event "Titled Tue 27th May Early"]
[Site "chess.com INT"]
[Date "2025.05.27"]
[Round "8"]
[White "Amangeldy, Ernur"]
[Black "Marichal Gonzalez, Ariel"]
[Result "1-0"]
[WhiteTitle "FM"]
[BlackTitle "IM"]
[WhiteElo "2231"]
[BlackElo "2268"]
[WhiteFideId "13720244"]
[BlackFideId "3503232"]
[EventDate "2025.05.27"]

1. d4 Nf6 2. Nc3 d5 3. Bf4 a6 4. e3 b5 5. a3 Bb7 6. b4 e6 7. Nf3 Bd6 8. Bd3 Nbd7
9. O-O O-O 10. Ne5 Ne4 11. Bxe4 dxe4 12. Nxd7 Qxd7 13. Ne2 Bd5 14. Re1 f6 15.
Qd2 Rad8 16. Bxd6 cxd6 17. a4 Rc8 18. Nc3 Rc4 19. axb5 axb5 20. Nb1 Rfc8 21. c3
R4c7 22. Ra5 Bc4 23. Na3 Ra7 24. Nxc4 Rxc4 25. Rea1 Rac7 26. Ra8+ Rc8 27. R8a7
R4c7 28. R7a3 d5 29. h3 Rc6 30. Ra7 Qd6 31. R1a3 R6c7 32. Ra8 Kf7 33. Qe2 g6 34.
Qxb5 Rxc3 35. R3a7+ Kf8 36. g3 Kg8 37. Rxc8+ Rxc8 38. Qb7 1-0

[Event "Titled Tue 27th May Early"]
[Site "chess.com INT"]
[Date "2025.05.27"]
[Round "8"]
[White "Barria Zuniga, Daniel"]
[Black "Idani, Pouya"]
[Result "0-1"]
[WhiteTitle "IM"]
[BlackTitle "GM"]
[WhiteElo "2341"]
[BlackElo "2630"]
[WhiteFideId "3400816"]
[BlackFideId "12510130"]
[EventDate "2025.05.27"]

1. d4 f5 2. c4 Nf6 3. Nf3 g6 4. g3 Bg7 5. Bg2 O-O 6. O-O d6 7. b4 e5 8. e3 Be6
9. Ng5 Bxc4 10. Bxb7 Nbd7 11. Nd2 Bxf1 12. Qxf1 Rb8 13. Qc4+ Kh8 14. Ne6 Qe7 15.
Nxf8 Rxb7 16. Nxd7 Nxd7 17. Bb2 exd4 18. Bxd4 Ne5 19. Qc3 c5 20. bxc5 dxc5 21.
Qxc5 Qxc5 22. Bxc5 Nf3+ 23. Nxf3 Bxa1 24. a4 Kg8 25. h4 Bf6 26. a5 a6 27. Bb6
Rd7 28. Kf1 Kf7 29. Ke2 Ke6 30. Nd2 Bc3 31. Nb3 Kd5 32. Nc5 Rd6 33. Nxa6 Kc6 34.
Bc5 Rd2+ 35. Kf3 Kb5 0-1